000 00838cam a22002773a 4500
001 26658
003 PGUSA
005 20140828083556.0
008 080919s2008||||xxu|||||s|||||000 | eng d
040 _aPGUSA
_beng
042 _adc
050 4 _aG
100 1 _aVerne, Jules,
_d1828-1905
245 1 0 _aCelebrated Travels and Travellers :
_bPart III. The Great Explorers of the Nineteenth Century
_h[electronic resource] /
_cJules Verne
260 _bProject Gutenberg,
_c2008
506 _aPublic domain in the USA.
516 _aElectronic text
653 _aExplorers
653 _aVoyages and travels
653 _aDiscoveries in geography
700 1 _aBenett, Léon,
_d1838-1917
700 1 _aD'Anvers, N.,
_d-1933
830 0 _aProject Gutenberg
_v26658
856 4 0 _uhttp://www.gutenberg.org/ebooks/26658
942 _cEB
999 _c255913
_d255913